000 00264nam a22001337a 4500
003 SGT
082 _a155.9
_bSTE
100 _aSTEG LINDA
245 _aENVIRONMENTAL PSYCHOLOGY
250 _a2ND
260 _aUS
_bWIELY
_c2019
300 _a418
942 _2ddc
_cBK
999 _c33198
_d33198